Kỹ thuật trồng dâu nuôi tằm

Uloženo v:
Podrobná bibliografie
Hlavní autor: PHẠM VĂN VƯỢNG
Médium: Kniha
Jazyk:Undetermined
Vydáno: H. LĐXH 2001
Témata:
Tagy: Přidat tag
Žádné tagy, Buďte první, kdo otaguje tento záznam!
Thư viện lưu trữ: Trung tâm Học liệu Trường Đại học Cần Thơ
LEADER 00518nam a2200181Ia 4500
001 CTU_48443
008 210402s9999 xx 000 0 und d
082 |a 634.38 
082 |b V561 
100 |a PHẠM VĂN VƯỢNG 
245 0 |a Kỹ thuật trồng dâu nuôi tằm 
245 0 |c PHẠM VĂN VƯỢNG, Hồ Thị Tuyết Mai 
260 |a H. 
260 |b LĐXH 
260 |c 2001 
650 |a mulberry,silkworms 
904 |i Minh 
980 |a Trung tâm Học liệu Trường Đại học Cần Thơ